Error-correcting codes /
Guardado en:
| Autor Principal: | |
|---|---|
| Otros Autores: | |
| Formato: | Libro |
| Idioma: | English |
| Publicado: |
Cambridge, Massachusetts :
MIT Press,
c1972.
|
| Edición: | 2d ed. |
| Etiquetas: |
Agregar Etiqueta
Sin Etiquetas, Sea el primero en etiquetar este registro!
|
| LEADER | 00678cam a22002175 4500 | ||
|---|---|---|---|
| 001 | MAT.inmabb001960 | ||
| 008 | 720509s1972####maua#####b####001#0#eng#d | ||
| 005 | 20170502160201.0 | ||
| 245 | 1 | 0 | |a Error-correcting codes / |c W. Wesley Peterson, E. J. Weldon, Jr. |
| 250 | |a 2d ed. | ||
| 260 | |a Cambridge, Massachusetts : |b MIT Press, |c c1972. | ||
| 300 | |a xi, 560 p. : |b il. ; |c 24 cm. | ||
| 504 | |a Bibliografía: p. 535-548. | ||
| 510 | 4 | |a MR, |c 49 #12164 | |
| 020 | |a 0262160390 | ||
| 100 | 1 | |a Peterson, W. Wesley |q (William Wesley), |d 1924- | |
| 700 | 1 | |a Weldon, E. J. | |
| 084 | |a 94Bxx |2 msc2000 | ||
| 084 | |a 94A10 |2 MR | ||
| 010 | |a 76122262 | ||
| 859 | |h 94 |i P485-2 |p A-3578 |b BIB. MATEMATICA | ||
